[Event "POL-chT 1st League"]
[Site "Leba"]
[Date "2023.10.01"]
[Round "9.2"]
[White "Majdan, Joanna"]
[Black "Poznanska, Katarzyna"]
[Result "1-0"]
[WhiteElo "2306"]
[BlackElo "2020"]
[PlyCount "51"]
[EventDate "2023.09.23"]
[EventType "team-swiss"]
[EventRounds "9"]
[EventCountry "POL"]
[SourceTitle "EXT 2024"]
[Source "ChessBase"]
[SourceDate "2023.10.10"]
[SourceVersion "1"]
[SourceVersionDate "2023.10.10"]
[SourceQuality "1"]
[WhiteTeam "Bydgoszcz Energia Gwiazda"]
[BlackTeam "Opole Rodlo"]
[WhiteTeamCountry "POL"]
[BlackTeamCountry "POL"]

1. e4 c5 2. Nf3 a6 3. c4 e6 4. Nc3 Nc6 5. d4 cxd4 6. Nxd4 Qc7 7. Nxc6 bxc6 8. f4 d6 9. Bd3 c5 10. 0-0 Ne7 11. Qf3 Bb7 12. Qh3 Nc6 13. f5 Qd7 14. Be2 Ne5 15. Bf4 0-0-0 16. Rad1 Qe8 17. Bxe5 dxe5 18. fxe6 fxe6 19. Bg4 Rd4 20. Bxe6+ Kb8 21. Bd5 Bxd5 22. Nxd5 Ka7 23. Qb3 Qc6 24. Rf7+ Ka8 25. Nb6+ Kb8 26. Nd7+ 1-0

[Event "POL-chT 1st League"]
[Site "Leba"]
[Date "2023.09.26"]
[Round "4.1"]
[White "Bartel, Marta"]
[Black "Majdan, Joanna"]
[Result "1/2-1/2"]
[WhiteElo "2190"]
[BlackElo "2306"]
[PlyCount "73"]
[EventDate "2023.09.23"]
[EventType "team-swiss"]
[EventRounds "9"]
[EventCountry "POL"]
[SourceTitle "EXT 2024"]
[Source "ChessBase"]
[SourceDate "2023.10.10"]
[SourceVersion "1"]
[SourceVersionDate "2023.10.10"]
[SourceQuality "1"]
[WhiteTeam "Wisznia Mala Bialy Krol"]
[BlackTeam "Bydgoszcz Energia Gwiazda"]
[WhiteTeamCountry "POL"]
[BlackTeamCountry "POL"]

1. d4 Nf6 2. c4 g6 3. Nc3 Bg7 4. e4 d6 5. Be2 0-0 6. Nf3 e5 7. 0-0 Nc6 8. d5 Ne7 9. Ne1 Nd7 10. Be3 f5 11. f3 Kh8 12. b4 a5 13. a3 Ng8 14. Nd3 Bh6 15. Bf2 Ngf6 16. c5 axb4 17. axb4 Rxa1 18. Qxa1 Bd2 19. exf5 gxf5 20. cxd6 cxd6 21. Rd1 Bxc3 22. Qxc3 Nxd5 23. Qa1 N7f6 24. f4 e4 25. Nc1 Nxf4 26. Bg3 Qb6+ 27. Kf1 Nxe2 28. Nxe2 Qa6 29. Bxd6 Qxa1 30. Rxa1 Re8 31. Nf4 Bd7 32. Ra5 Kg8 33. Nd5 Nxd5 34. Rxd5 Kf7 35. Be5 Be6 36. Rc5 Rc8 37. Rxc8 1/2-1/2

[Event "POL-chT 1st League"]
[Site "Leba"]
[Date "2023.09.24"]
[Round "2.2"]
[White "Toma, Katarzyna"]
[Black "Majdan, Joanna"]
[Result "0-1"]
[WhiteElo "2224"]
[BlackElo "2306"]
[PlyCount "76"]
[EventDate "2023.09.23"]
[EventType "team-swiss"]
[EventRounds "9"]
[EventCountry "POL"]
[SourceTitle "EXT 2024"]
[Source "ChessBase"]
[SourceDate "2023.10.10"]
[SourceVersion "1"]
[SourceVersionDate "2023.10.10"]
[SourceQuality "1"]
[WhiteTeam "Czestochowa Hetman"]
[BlackTeam "Bydgoszcz Energia Gwiazda"]
[WhiteTeamCountry "POL"]
[BlackTeamCountry "POL"]

1. e4 c5 2. c4 Nc6 3. Nc3 g6 4. Nge2 Bg7 5. g3 Ne5 6. Nf4 Nf6 7. d3 d6 8. h3 h5 9. Be2 Bd7 10. Be3 a6 11. Nfd5 Nc6 12. Qd2 Nd4 13. Bxd4 cxd4 14. Nxf6+ Bxf6 15. Nd5 Bg7 16. h4 e6 17. Nb4 Qb6 18. a3 a5 19. Na2 d5 20. 0-0 Bh6 21. Qc2 0-0 22. b4 axb4 23. Nxb4 dxe4 24. dxe4 Ra5 25. Rfb1 Qa7 26. Qd3 Ra8 27. Nc2 Ba4 28. Nb4 Bf8 29. Ra2 Bc5 30. Kg2 Bd7 31. Nc2 Bc6 32. Bf3 e5 33. Kh2 Ra4 34. Bd1 Qa6 35. Be2 Qa5 36. Nb4 Rxb4 37. axb4 Qxa2 38. bxc5 Ra3 0-1

[Event "EU-Cup (Women) 26th"]
[Site "Mayrhofen"]
[Date "2022.10.06"]
[Round "4.4"]
[White "Majdan, Joanna"]
[Black "Balajayeva, Khanim Asad Qizi"]
[Result "1-0"]
[WhiteElo "2301"]
[BlackElo "2384"]
[PlyCount "89"]
[EventDate "2022.10.03"]
[EventType "team-swiss"]
[EventRounds "7"]
[EventCountry "AUT"]
[SourceTitle "CBM 210 Extra"]
[Source "ChessBase"]
[SourceDate "2022.11.30"]
[SourceVersion "1"]
[SourceVersionDate "2022.11.30"]
[SourceQuality "1"]
[WhiteTeam "Bydgoszcz Energia Gwiazda (W)"]
[BlackTeam "Odlar Yurdu (W)"]
[WhiteTeamCountry "POL"]
[BlackTeamCountry "AZE"]

1. e4 e5 2. Nc3 Nf6 3. d4 exd4 4. Qxd4 Nc6 5. Qd3 Bb4 6. Bd2 0-0 7. 0-0-0 Re8 8. Nge2 d6 9. Bg5 Bxc3 10. Nxc3 h6 11. Bh4 Ne5 12. Qd4 g5 13. Bg3 Qe7 14. f3 Ng6 15. Bb5 Bd7 16. Bxd7 Nxd7 17. Nd5 Qd8 18. Kb1 Nde5 19. h4 gxh4 20. Bf2 Kh7 21. f4 Ng4 22. f5 N6e5 23. Bxh4 f6 24. Qd2 Rf8 25. Bg3 Nf7 26. Rh4 Rg8 27. Rdh1 c6 28. Ne3 Nxe3 29. Qxe3 Kg7 30. Bf4 Kf8 31. Bxh6+ Ke7 32. Bf4 Rxg2 33. Qb3 Qd7 34. Rh7 Rf8 35. Bh6 Rgg8 36. a3 b6 37. Bxf8+ Rxf8 38. Rg1 d5 39. Rgg7 Ke8 40. exd5 cxd5 41. Qc3 d4 42. Qf3 Kd8 43. Qa8+ Ke7 44. Qe4+ Kd8 45. Qe6 1-0

[Event "POL-chT 2nd League"]
[Site "Jastrzebia Gora"]
[Date "2022.09.11"]
[Round "9.6"]
[White "Majdan, Joanna"]
[Black "Budkiewicz, Magdalena"]
[Result "1-0"]
[WhiteElo "2307"]
[BlackElo "1786"]
[PlyCount "81"]
[EventDate "2022.09.03"]
[EventType "team-swiss"]
[EventRounds "9"]
[EventCountry "POL"]
[SourceTitle "CBM 210 Extra"]
[Source "ChessBase"]
[SourceDate "2022.11.30"]
[SourceVersion "1"]
[SourceVersionDate "2022.11.30"]
[SourceQuality "1"]
[WhiteTeam "Bydgoszcz Energia Gwiazda"]
[BlackTeam "Krakow Gens Una Sumus"]
[WhiteTeamCountry "POL"]
[BlackTeamCountry "POL"]

1. e4 e5 2. Nf3 Nc6 3. Nc3 Nf6 4. Bb5 Bc5 5. 0-0 d6 6. h3 0-0 7. d3 a6 8. Bxc6 bxc6 9. Ne2 h6 10. Ng3 Re8 11. c3 Bb6 12. Be3 d5 13. Qc2 Bd7 14. Rfe1 dxe4 15. dxe4 Qe7 16. c4 Bxe3 17. Rxe3 c5 18. Ra3 a5 19. Qc3 a4 20. b3 axb3 21. Rxa8 Rxa8 22. axb3 Bc6 23. Nxe5 Qe6 24. Nxc6 Rxa1+ 25. Qxa1 Qxc6 26. Qe5 Qd6 27. Qf5 Nd7 28. Qg4 Ne5 29. Qc8+ Kh7 30. Nf5 Qd2 31. Ne3 Qe1+ 32. Nf1 Qxe4 33. Qxc7 Qd4 34. Qe7 f5 35. Ne3 f4 36. Nf5 Qa1+ 37. Kh2 Nd3 38. Qe2 Qb1 39. Ne7 Nc1 40. Qe5 Nxb3 41. Qd5 1-0

[Event "POL-chT 2nd League"]
[Site "Jastrzebia Gora"]
[Date "2022.09.10"]
[Round "8.5"]
[White "Krupa, Monika"]
[Black "Majdan, Joanna"]
[Result "1-0"]
[WhiteElo "2140"]
[BlackElo "2307"]
[PlyCount "107"]
[EventDate "2022.09.03"]
[EventType "team-swiss"]
[EventRounds "9"]
[EventCountry "POL"]
[SourceTitle "CBM 210 Extra"]
[Source "ChessBase"]
[SourceDate "2022.11.30"]
[SourceVersion "1"]
[SourceVersionDate "2022.11.30"]
[SourceQuality "1"]
[WhiteTeam "Wroclaw Kopernik"]
[BlackTeam "Bydgoszcz Energia Gwiazda"]
[WhiteTeamCountry "POL"]
[BlackTeamCountry "POL"]

1. e4 c5 2. Nf3 Nc6 3. Bb5 e5 4. c3 a6 5. Bxc6 dxc6 6. Nxe5 Qg5 7. Nf3 Qxg2 8. Rg1 Qh3 9. Rg3 Qe6 10. d3 c4 11. Nd4 Qe7 12. dxc4 Nf6 13. Bg5 h6 14. Bxf6 Qxf6 15. e5 Qh4 16. Nd2 c5 17. N4f3 Qf4 18. Qb3 g5 19. 0-0-0 Be7 20. Re1 h5 21. Re4 Qf5 22. e6 Bxe6 23. Qxb7 Rd8 24. Ne5 Qxf2 25. Qc6+ Kf8 26. Nd3 Qxh2 27. Nf1 Qxg3 28. Nxg3 Rxd3 29. Qc7 Rf3 30. Re1 h4 31. Ne4 h3 32. Nxc5 h2 33. Nxe6+ fxe6 34. Qc8+ Kg7 35. Qxe6 h1Q 36. Qxe7+ Kg6 37. Qe4+ Kg7 38. Qb7+ Kg6 39. Qc6+ Kg7 40. Qd7+ Kg6 41. Rxh1 Rxh1+ 42. Kc2 Rh2+ 43. Kb3 Rff2 44. c5 Rxb2+ 45. Kc4 Rh4+ 46. Kd3 Rh7 47. Qd6+ Kf5 48. Qd5+ Kf6 49. Qd4+ Kg6 50. c6 Kh5 51. Qe4 Rc7 52. Qe8+ Kh4 53. Qh8+ Kg4 54. Qd8 1-0

[Event "POL-chT 2nd League"]
[Site "Jastrzebia Gora"]
[Date "2022.09.07"]
[Round "5.6"]
[White "Majdan, Joanna"]
[Black "Czerwinska, Milena"]
[Result "1-0"]
[WhiteElo "2307"]
[BlackElo "1972"]
[PlyCount "95"]
[EventDate "2022.09.03"]
[EventType "team-swiss"]
[EventRounds "9"]
[EventCountry "POL"]
[SourceTitle "CBM 210 Extra"]
[Source "ChessBase"]
[SourceDate "2022.11.30"]
[SourceVersion "1"]
[SourceVersionDate "2022.11.30"]
[SourceQuality "1"]
[WhiteTeam "Bydgoszcz Energia Gwiazda"]
[BlackTeam "Ostrow Wielkopolski"]
[WhiteTeamCountry "POL"]
[BlackTeamCountry "POL"]

1. e4 c5 2. Nf3 d6 3. d4 cxd4 4. Nxd4 Nf6 5. Nc3 a6 6. Bc4 e6 7. Bb3 Qc7 8. f4 Nc6 9. Nxc6 Qxc6 10. Qe2 Bd7 11. g4 0-0-0 12. g5 Ne8 13. Be3 f5 14. 0-0-0 fxe4 15. f5 d5 16. Na4 b5 17. Nb6+ Kb8 18. Nxd7+ Rxd7 19. fxe6 Qxe6 20. Qd2 Nc7 21. Qd4 Qc6 22. h4 Be7 23. Qxg7 Rhd8 24. Qd4 Bf8 25. Rhf1 Bg7 26. Qb6+ Qxb6 27. Bxb6 d4 28. h5 e3 29. Rf7 Kb7 30. Ba5 Rxf7 31. Bxf7 Rd7 32. g6 hxg6 33. hxg6 Nd5 34. Rh1 Nf6 35. Kd1 Re7 36. Ke2 Kc8 37. Rh4 Re4 38. Rh2 Kd7 39. c3 dxc3 40. bxc3 Ke7 41. Bb4+ Kd7 42. Rh1 Re5 43. Rd1+ Kc8 44. Rd3 Ne4 45. Ba5 Kb7 46. Bd5+ Kb8 47. Bxe4 Rxe4 48. Rd8+ 1-0

[Event "Bydgoszcz (Women)"]
[Site "Bydgoszcz"]
[Date "2022.06.27"]
[Round "3"]
[White "Majdan, Joanna"]
[Black "Kiolbasa, Oliwia"]
[Result "0-1"]
[WhiteElo "2312"]
[BlackElo "2376"]
[PlyCount "78"]
[EventDate "2022.06.25"]
[EventType "tourn"]
[EventRounds "9"]
[EventCountry "POL"]
[EventCategory "8"]
[SourceTitle "CBM 209 Extra"]
[Source "ChessBase"]
[SourceDate "2022.09.30"]
[SourceVersion "1"]
[SourceVersionDate "2022.09.30"]
[SourceQuality "1"]

1. e4 e5 2. Nf3 Nc6 3. Bb5 a6 4. Ba4 Nf6 5. 0-0 b5 6. Bb3 Bc5 7. d3 d6 8. a4 Rb8 9. c3 h6 10. h3 0-0 11. Re1 Re8 12. Nbd2 Bb6 13. Nf1 Na5 14. Bc2 c5 15. Ng3 Nc6 16. axb5 axb5 17. Nh4 d5 18. Nhf5 Ne7 19. Qf3 Nxf5 20. Nxf5 Bxf5 21. Qxf5 dxe4 22. dxe4 c4 23. b3 Re6 24. bxc4 bxc4 25. Ra4 Nd7 26. Rd1 Rf6 27. Rxd7 Qe8 28. Qg4 h5 29. Qd1 Rxf2 30. Kh2 Rxc2 31. Qxc2 Qxd7 32. Rxc4 Qb5 33. Qe2 Rd8 34. h4 Qa6 35. Bg5 Rd7 36. Qb2 Qxc4 37. Qxb6 Qxe4 38. c4 Rb7 39. Qd8+ Kh7 0-1

[Event "POL-ch (Women)"]
[Site "Kruszwica"]
[Date "2022.05.17"]
[Round "9"]
[White "Majdan, Joanna"]
[Black "Kulon, Klaudia"]
[Result "1/2-1/2"]
[WhiteElo "2325"]
[BlackElo "2305"]
[PlyCount "72"]
[EventDate "2022.05.09"]
[EventType "tourn"]
[EventRounds "9"]
[EventCountry "POL"]
[EventCategory "4"]
[SourceTitle "CBM 208 Extra"]
[Source "ChessBase"]
[SourceDate "2022.07.31"]
[SourceVersion "1"]
[SourceVersionDate "2022.07.31"]
[SourceQuality "1"]

1. e4 e5 2. Nf3 Nc6 3. Bb5 Nf6 4. 0-0 Nxe4 5. Re1 Nd6 6. Nxe5 Nxe5 7. Rxe5+ Be7 8. Bf1 0-0 9. d4 Ne8 10. d5 d6 11. Re1 Nf6 12. Nc3 Bf5 13. h3 h6 14. a4 Re8 15. a5 a6 16. g4 Bh7 17. Bg2 Nd7 18. Ne4 Bh4 19. Ra3 Ne5 20. Rae3 Qd7 21. b3 Ng6 22. R3e2 Re7 23. g5 hxg5 24. Nxg5 Rae8 25. Nxh7 Kxh7 26. Qd3 Rxe2 27. Rxe2 Rxe2 28. Qxe2 Qf5 29. Be3 Nf4 30. Qf3 Bg5 31. h4 Bh6 32. Bxf4 Qxf4 33. Qxf4 Bxf4 34. Bh3 b6 35. Bc8 bxa5 36. Bxa6 Kg6 1/2-1/2

[Event "Wch Blitz (Women)"]
[Site "Warsaw"]
[Date "2021.12.30"]
[Round "16"]
[White "Majdan, Joanna"]
[Black "Dworakowska, Joanna"]
[Result "1-0"]
[WhiteElo "2325"]
[BlackElo "2321"]
[PlyCount "87"]
[EventDate "2021.12.29"]
[EventType "swiss (blitz)"]
[EventRounds "17"]
[EventCountry "POL"]
[SourceTitle "CBM 205 Extra"]
[Source "ChessBase"]
[SourceDate "2022.01.31"]
[SourceVersion "1"]
[SourceVersionDate "2022.01.31"]
[SourceQuality "1"]

1. e4 c5 2. Nc3 d6 3. g3 g6 4. Bg2 Bg7 5. Nge2 Nc6 6. d3 Nf6 7. h3 Rb8 8. Be3 0-0 9. d4 cxd4 10. Nxd4 Ne5 11. Qe2 a6 12. f4 Nc6 13. Nb3 Bd7 14. 0-0 b5 15. a4 b4 16. Nd5 a5 17. f5 Nxd5 18. exd5 Ne5 19. Nd4 Rc8 20. b3 Rc3 21. Kh2 Qc8 22. g4 Kh8 23. Rad1 gxf5 24. gxf5 Bf6 25. Be4 Rg8 26. Rg1 Rxg1 27. Rxg1 Qf8 28. Bd2 Rc8 29. Qh5 Re8 30. Bh6 Qg8 31. Rxg8+ Rxg8 32. Nf3 Nxf3+ 33. Qxf3 Be5+ 34. Bf4 Bf6 35. Qd3 Bc8 36. Qb5 h5 37. Qxa5 h4 38. Qc7 Ba6 39. Bd3 Bc8 40. a5 Bd4 41. Qxe7 Bg1+ 42. Kh1 Bd4 43. Qxh4+ Kg7 44. Qh6# 1-0

[Event "Wch Blitz (Women)"]
[Site "Warsaw"]
[Date "2021.12.30"]
[Round "17"]
[White "Muzychuk, Mariya"]
[Black "Majdan, Joanna"]
[Result "1-0"]
[WhiteElo "2539"]
[BlackElo "2325"]
[PlyCount "127"]
[EventDate "2021.12.29"]
[EventType "swiss (blitz)"]
[EventRounds "17"]
[EventCountry "POL"]
[SourceTitle "CBM 205 Extra"]
[Source "ChessBase"]
[SourceDate "2022.01.31"]
[SourceVersion "1"]
[SourceVersionDate "2022.01.31"]
[SourceQuality "1"]

1. d4 Nf6 2. c4 c5 3. d5 e6 4. Nc3 d6 5. e4 a6 6. Nf3 g6 7. Bd3 Bg7 8. 0-0 0-0 9. dxe6 Bxe6 10. Bf4 Nc6 11. Be2 Qb6 12. Rb1 Rad8 13. Nd5 Bxd5 14. exd5 Nd4 15. Nxd4 cxd4 16. Qd3 Nd7 17. b4 Ne5 18. Qd2 Rc8 19. Rfc1 Rfe8 20. c5 dxc5 21. bxc5 Qd8 22. d6 Nd7 23. c6 Rxc6 24. Rxc6 bxc6 25. Bxa6 Ne5 26. Qb4 Bf8 27. Qxd4 Qxd6 28. Qxd6 Bxd6 29. Bxe5 Rxe5 30. g3 Ra5 31. Bc4 Ra4 32. Bb3 Ra7 33. Rd1 Bc5 34. a4 Kg7 35. Rc1 Ra5 36. Kg2 Kf6 37. f4 Ke7 38. Kf3 f5 39. Re1+ Kd7 40. Rd1+ Ke7 41. h3 Bd6 42. Re1+ Kd7 43. g4 Rc5 44. Re3 fxg4+ 45. hxg4 Rc1 46. Be6+ Kc7 47. f5 gxf5 48. gxf5 h5 49. Re4 Rf1+ 50. Ke3 Re1+ 51. Kf3 Rf1+ 52. Kg2 Rf4 53. Rxf4 Bxf4 54. f6 Kd6 55. f7 Bh6 56. a5 Kc5 57. a6 Kb6 58. Bc4 c5 59. Kg3 Ka7 60. Kh4 Bf8 61. Kxh5 Kb6 62. Kg6 Ka7 63. Kh7 Kb6 64. Kg8 1-0

[Event "Wch Blitz (Women)"]
[Site "Warsaw"]
[Date "2021.12.29"]
[Round "9"]
[White "Gunina, Valentina"]
[Black "Majdan, Joanna"]
[Result "1-0"]
[WhiteElo "2471"]
[BlackElo "2325"]
[PlyCount "61"]
[EventDate "2021.12.29"]
[EventType "swiss (blitz)"]
[EventRounds "17"]
[EventCountry "POL"]
[SourceTitle "CBM 205 Extra"]
[Source "ChessBase"]
[SourceDate "2022.01.31"]
[SourceVersion "1"]
[SourceVersionDate "2022.01.31"]
[SourceQuality "1"]

1. d4 c5 2. d5 e6 3. c4 exd5 4. cxd5 d6 5. Nf3 Nf6 6. Nc3 a6 7. a4 g6 8. e4 Bg7 9. Bd3 0-0 10. 0-0 Re8 11. Re1 Nh5 12. Bg5 Bf6 13. Bxf6 Qxf6 14. e5 dxe5 15. Ne4 Qd8 16. Bc4 b6 17. d6 Be6 18. Bxe6 Rxe6 19. Nfg5 Re8 20. Nxf7 Kxf7 21. Qd5+ Kg7 22. Qxa8 Nf6 23. Nxf6 Kxf6 24. Rad1 Qd7 25. Qd5 Nc6 26. f4 Nd4 27. fxe5+ Kg7 28. Rxd4 cxd4 29. e6 Qxa4 30. d7 Qb4 31. Qe5+ 1-0

[Event "Wch Blitz (Women)"]
[Site "Warsaw"]
[Date "2021.12.29"]
[Round "8"]
[White "Majdan, Joanna"]
[Black "Lagno, Kateryna"]
[Result "1-0"]
[WhiteElo "2325"]
[BlackElo "2550"]
[PlyCount "79"]
[EventDate "2021.12.29"]
[EventType "swiss (blitz)"]
[EventRounds "17"]
[EventCountry "POL"]
[SourceTitle "CBM 205 Extra"]
[Source "ChessBase"]
[SourceDate "2022.01.31"]
[SourceVersion "1"]
[SourceVersionDate "2022.01.31"]
[SourceQuality "1"]

1. e4 e5 2. Nf3 Nc6 3. Bb5 Nf6 4. d3 Bc5 5. c3 0-0 6. 0-0 d5 7. Nbd2 dxe4 8. dxe4 Qe7 9. h3 Nb8 10. b4 a6 11. Bd3 Ba7 12. Nc4 Nbd7 13. Ne3 Rd8 14. Nf5 Qe8 15. N3h4 Nf8 16. Qf3 Ng6 17. Bg5 Bxf5 18. Nxf5 Qe6 19. Rfd1 c5 20. bxc5 Bxc5 21. Bc2 Bf8 22. Bb3 Qc6 23. Nh6+ gxh6 24. Bxf6 Rxd1+ 25. Rxd1 Qc7 26. h4 Bg7 27. h5 Bxf6 28. hxg6 Kg7 29. gxf7 Rd8 30. Qg4+ Bg5 31. Rxd8 Qxd8 32. Qe6 Qe7 33. Qc8 Qf8 34. Qxb7 a5 35. Bd5 a4 36. c4 a3 37. c5 Be7 38. c6 Bd6 39. c7 Bxc7 40. Qxc7 1-0

[Event "POL Cup op rapid"]
[Site "Lodz"]
[Date "2021.08.07"]
[Round "6"]
[White "Golenia, Jan"]
[Black "Majdan, Joanna"]
[Result "1-0"]
[WhiteElo "2102"]
[BlackElo "2339"]
[PlyCount "90"]
[EventDate "2021.08.07"]
[EventType "swiss (rapid)"]
[EventRounds "9"]
[EventCountry "POL"]
[SourceTitle "CBM 203 Extra"]
[Source "ChessBase"]
[SourceDate "2021.09.30"]
[SourceVersion "1"]
[SourceVersionDate "2021.09.30"]
[SourceQuality "1"]

1. c4 c5 2. Nc3 Nc6 3. g3 g6 4. Bg2 Bg7 5. Nf3 d6 6. 0-0 e5 7. d3 Nge7 8. Rb1 0-0 9. a3 f5 10. Ne1 a5 11. Nc2 Be6 12. Ne3 g5 13. Ned5 Ng6 14. b4 axb4 15. axb4 f4 16. bxc5 dxc5 17. Rxb7 Rc8 18. Ba3 Nd4 19. Nb5 Qa5 20. Ra7 Qd8 21. Nxd4 exd4 22. Qa4 Bg4 23. Re1 fxg3 24. hxg3 Qd6 25. Be4 Bf5 26. Bxf5 Rxf5 27. Qd7 Qf8 28. Rf1 Kh8 29. Rc7 Rd8 30. Qc6 Be5 31. Bxc5 Qe8 32. Qb7 Bxc7 33. Qxc7 Rdxd5 34. cxd5 Rxd5 35. Rb1 Qd7 36. Qxd7 Rxd7 37. Rb4 Kg7 38. Bxd4+ Kf7 39. Kg2 Ne7 40. Ra4 Ke6 41. Be3 Rd5 42. Ra6+ Kf5 43. Rh6 Ng6 44. Rxh7 Ne5 45. Rg7 Nf7 1-0

[Event "Opole Termika Cup KO"]
[Site "Opole"]
[Date "2021.07.18"]
[Round "1.1"]
[White "Pakleza, Zbigniew"]
[Black "Majdan, Joanna"]
[Result "1/2-1/2"]
[WhiteElo "2501"]
[BlackElo "2339"]
[PlyCount "126"]
[EventDate "2021.07.18"]
[EventType "k.o. (rapid)"]
[EventRounds "4"]
[EventCountry "POL"]
[SourceTitle "CBM 203 Extra"]
[Source "ChessBase"]
[SourceDate "2021.09.30"]
[SourceVersion "1"]
[SourceVersionDate "2021.09.30"]
[SourceQuality "1"]

1. d4 d5 2. Bf4 Nf6 3. e3 Bf5 4. c4 c6 5. Nc3 e6 6. Qb3 Qb6 7. c5 Qxb3 8. axb3 Nbd7 9. b4 Nh5 10. b5 Nxf4 11. exf4 g5 12. fxg5 e5 13. Nf3 Bg7 14. dxe5 Nxe5 15. Be2 Nxf3+ 16. Bxf3 Bd4 17. 0-0 Bxc5 18. h4 0-0 19. Rfc1 Bd6 20. bxc6 bxc6 21. Ra6 Bf4 22. Rca1 Rfc8 23. Nxd5 cxd5 24. Rf6 Bxg5 25. Rxf5 Rc1+ 26. Rxc1 Bxc1 27. Bxd5 Rd8 28. Bxf7+ Kg7 29. b3 Rf8 30. Be6 Rxf5 31. Bxf5 h6 32. g3 Kf6 33. Bd3 Ke5 34. Kg2 Kd4 35. Bc4 Ke4 36. Ba6 Bd2 37. Bb7+ Ke5 38. f4+ Kf6 39. Kf3 Be1 40. Be4 a5 41. Bd3 Ke6 42. Kg4 Kf6 43. Bc2 Bf2 44. Kh3 Be3 45. Kg2 Ke6 46. Kf3 Bd2 47. g4 Be1 48. g5 Bxh4 49. gxh6 Kf6 50. h7 Kg7 51. Ke3 Bf6 52. Be4 Bb2 53. Kf3 Bc1 54. Kg4 Bd2 55. Kg5 Bc1 56. Kf5 Bd2 57. Ke5 Bc1 58. f5 Kxh7 59. Ke6 Kg8 60. Ke7 Ba3+ 61. Ke8 Kg7 62. Kd7 Kf6 63. Kc6 Bb4 1/2-1/2

[Event "POL-ch (Women) 73rd"]
[Site "Bydgoszcz"]
[Date "2021.04.30"]
[Round "2.3"]
[White "Sliwicka, Alicja"]
[Black "Majdan, Joanna"]
[Result "0-1"]
[WhiteElo "2346"]
[BlackElo "2325"]
[PlyCount "74"]
[EventDate "2021.04.29"]
[EventType "tourn"]
[EventRounds "9"]
[EventCountry "POL"]
[EventCategory "5"]
[SourceTitle "CBM 202 Extra"]
[Source "ChessBase"]
[SourceDate "2021.07.31"]
[SourceVersion "1"]
[SourceVersionDate "2021.07.31"]
[SourceQuality "1"]

1. e4 c5 2. Nf3 e6 3. d4 cxd4 4. Nxd4 a6 5. Be2 Qc7 6. 0-0 Nf6 7. Nc3 d6 8. f4 Nc6 9. Be3 Be7 10. Qe1 0-0 11. Qg3 Nxd4 12. Bxd4 b5 13. a3 Bb7 14. Rae1 Rad8 15. Kh1 Bc6 16. Bf3 Qb7 17. b4 Kh8 18. Nd1 d5 19. exd5 Bxd5 20. Bc3 Bxf3 21. Rxf3 Qd5 22. Nf2 Qf5 23. Ne4 Rd5 24. Rf2 Rfd8 25. Rff1 Kg8 26. Be5 Kf8 27. Nxf6 gxf6 28. Ba1 Qxc2 29. Qh4 Qg6 30. g4 Rd2 31. f5 exf5 32. Rxe7 Kxe7 33. Bxf6+ Kf8 34. Rxf5 Re8 35. Kg1 Ree2 36. Bd8 Qxf5 37. Qh6+ Kg8 0-1

[Event "POL-ch rapid (Women)"]
[Site "Bydgoszcz"]
[Date "2020.12.13"]
[Round "7"]
[White "Kucharska, Honorata"]
[Black "Majdan, Joanna"]
[Result "0-1"]
[WhiteElo "2184"]
[BlackElo "2325"]
[PlyCount "72"]
[EventDate "2020.12.13"]
[EventType "swiss (rapid)"]
[EventRounds "9"]
[EventCountry "POL"]
[SourceTitle "CBM 199 Extra"]
[Source "ChessBase"]
[SourceDate "2021.01.31"]
[SourceVersion "1"]
[SourceVersionDate "2021.01.31"]
[SourceQuality "1"]

1. e4 c5 2. Nc3 a6 3. a4 Nc6 4. d3 g6 5. g3 Bg7 6. Bg2 Rb8 7. Nge2 b5 8. axb5 axb5 9. 0-0 d6 10. f4 Bd7 11. Kh1 b4 12. Nd5 Nf6 13. f5 Nxd5 14. exd5 Ne5 15. d4 cxd4 16. Nxd4 Qc7 17. Bf4 0-0 18. fxg6 hxg6 19. Rc1 Qc5 20. Nb3 Qb6 21. Bxe5 Bxe5 22. Rb1 Bb5 23. Re1 Kg7 24. Rxe5 dxe5 25. Qe1 Qd6 26. Nd2 Rbc8 27. Rc1 f5 28. Nf3 e4 29. Ng5 Qxd5 30. Qxb4 Rxc2 31. Re1 Qe5 32. b3 Rfc8 33. Nf3 Qc5 34. Qd4+ Kh6 35. Qxc5 R8xc5 36. Nd4 Rc1 0-1

[Event "POL-ch rapid (Women)"]
[Site "Bydgoszcz"]
[Date "2020.12.13"]
[Round "3"]
[White "Majdan, Joanna"]
[Black "Cieslak, Wiktoria"]
[Result "1-0"]
[WhiteElo "2325"]
[BlackElo "2008"]
[PlyCount "69"]
[EventDate "2020.12.13"]
[EventType "swiss (rapid)"]
[EventRounds "9"]
[EventCountry "POL"]
[SourceTitle "CBM 199 Extra"]
[Source "ChessBase"]
[SourceDate "2021.01.31"]
[SourceVersion "1"]
[SourceVersionDate "2021.01.31"]
[SourceQuality "1"]

1. e4 c5 2. Nc3 Nc6 3. Bb5 a6 4. Bxc6 bxc6 5. f4 d5 6. d3 h5 7. Nf3 Nf6 8. e5 Ng4 9. Qe2 a5 10. Na4 e6 11. b3 Ba6 12. c4 Qc7 13. h3 Nh6 14. Qf2 Qa7 15. Ba3 d4 16. Ng5 Nf5 17. Ne4 Be7 18. 0-0 h4 19. Bxc5 Bxc5 20. Naxc5 Ke7 21. a3 Qb6 22. Rfb1 Rh6 23. b4 Rah8 24. Qe1 Ne3 25. bxa5 Qa7 26. Ra2 f5 27. exf6+ gxf6 28. Nxa6 Qxa6 29. Qb4+ Kf7 30. Qb6 Qxb6 31. axb6 Rb8 32. a4 f5 33. Ng5+ Ke7 34. a5 Kd6 35. Nf7+ 1-0

[Event "POL-ch rapid (Women)"]
[Site "Bydgoszcz"]
[Date "2020.12.13"]
[Round "5"]
[White "Majdan, Joanna"]
[Black "Kiolbasa, Oliwia"]
[Result "1/2-1/2"]
[WhiteElo "2325"]
[BlackElo "2260"]
[PlyCount "108"]
[EventDate "2020.12.13"]
[EventType "swiss (rapid)"]
[EventRounds "9"]
[EventCountry "POL"]
[SourceTitle "CBM 199 Extra"]
[Source "ChessBase"]
[SourceDate "2021.01.31"]
[SourceVersion "1"]
[SourceVersionDate "2021.01.31"]
[SourceQuality "1"]

1. e4 e5 2. Nf3 Nc6 3. Nc3 Nf6 4. Bb5 Bb4 5. d3 d6 6. 0-0 Bxc3 7. bxc3 0-0 8. Bg5 Qe7 9. Re1 Nd8 10. d4 Ne6 11. Bh4 c5 12. Bc4 Nf4 13. Bg3 Ng6 14. Nh4 Nxh4 15. Bxh4 Be6 16. d5 Bd7 17. Qd2 b5 18. Bf1 h6 19. f4 exf4 20. Qxf4 Qe5 21. Qxe5 dxe5 22. Bf2 Rfc8 23. h3 Ne8 24. c4 bxc4 25. Bxc4 a5 26. Bg3 Nd6 27. Bf1 f6 28. c4 Rab8 29. Bd3 Rb4 30. Rec1 a4 31. Bf2 Be8 32. Rab1 Rxb1 33. Rxb1 Bg6 34. Re1 Kf7 35. Bc2 Nxc4 36. Bxa4 Nd6 37. Bc2 Ke7 38. a4 Kd7 39. a5 Ra8 40. Bxc5 Rxa5 41. Bxd6 Kxd6 42. Rb1 Rc5 43. Bd3 Rc3 44. Rd1 Bh5 45. g4 Be8 46. Kf2 h5 47. gxh5 Bxh5 48. Rd2 Rc1 49. Bf1 Bg6 50. Bd3 Rh1 51. Kg2 Re1 52. Kf2 Rh1 53. Kg2 Re1 54. Kf2 Rh1 1/2-1/2